| 000 | 03018cam a2200361 i 4500 | ||
|---|---|---|---|
| 001 | 15421686 | ||
| 003 | EG-ScBUE | ||
| 005 | 20240522083515.0 | ||
| 008 | 080821t2009 couab f b 001 0 eng d | ||
| 020 | _a9780813343747 (alk. paper) | ||
| 020 | _a0813343747 (alk. paper) | ||
| 035 | _a(OCoLC)ocn191926614 | ||
| 040 |
_aDLC _beng _erda _cDLC _dYDX _dBTCTA _dBAKER _dYDXCP _dCDX _dTSU _dBWX _dIK2 _dVP@ _dKAAUA _dDLC _dEG-ScBUE |
||
| 043 | _aaw----- | ||
| 082 | 0 | 4 |
_a956 _222 _bCLE |
| 100 | 1 |
_929167 _aCleveland, William L., _eauthor. |
|
| 245 | 1 | 2 |
_aA history of the modern Middle East / _cWilliam L. Cleveland, Late of Simon Fraser University, Martin Bunton, University of Victoria. |
| 250 | _aFourth edition. | ||
| 264 | 1 |
_aBoulder, CO : _bWestview Press, _c[2009] |
|
| 264 | 4 | _cc2009 | |
| 300 |
_axxi, 619 pages : _billustrations, maps ; _c23 cm |
||
| 336 |
_2rdacontent _atext _btxt |
||
| 337 |
_aunmediated _2rdamedia _bn |
||
| 338 |
_avolume _bnc _2rdacarrier |
||
| 504 | _aIncludes bibliographical references and index. | ||
| 505 | 0 | _aThe rise and expansion of Islam -- The development of Islamic civilization to the fifteenth century -- The Ottoman and Safavid Empires : a new imperial synthesis -- Forging a new synthesis : the pattern of reforms, 1789-1849 -- The Ottoman Empire and Egypt during the era of the tanzimat -- Egypt and Iran in the late nineteenth century -- The response of Islamic society -- The era of the young Turks and the Iranian constitutionalists -- World war I and the end of the Ottoman order -- Authoritarian reform in Turkey and Iran -- The Arab struggle for independence : Egypt, Iraq, and Transjordan from the interwar era to 1945 -- The Arab struggle for independence : Syria, Lebanon, and Saudi Arabia from the interwar era to 1945 -- The Palestine mandate and the birth of the state of Israel -- Democracy and authoritarianism : Turkey and Iran -- The Middle East in the age of Nasser : the Egyptian base -- The Middle East in the age of Nasser : the radicalization of Arab politics -- Israel and the Palestinians from 1948 to the 1970s -- Changing patterns of war and peace : Egypt and Lebanon in the 1970s and 1980s -- The consolidation of authoritarian rule in Syria and Iraq : the regimes of Hafiz al-Asad and Saddam Husayn -- The Iranian revolution and the resurgence of Islam -- The Arabian Peninsula in the petroleum era -- Challenges to the existing order : the Palestinian uprising and the 1991 Gulf War -- A peace so near, a peace so far : Israeli-Palestinian relations since the Gulf War -- Patterns of continuity and change since the 1991 Gulf War -- America's troubled moment in the Middle East. | |
| 651 | 7 |
_aMiddle East _xHistory _y1517- _2BUEsh _929168 |
|
| 653 | _cMarch2012 | ||
| 655 | _vReading book | ||
| 700 | 1 |
_aBunton, Martin P., _eauthor. _929169 |
|
| 942 |
_2ddc _cBB |
||
| 999 |
_c16534 _d16534 |
||